00676nam a22002057a 450000500170000001000110001702000100002803500110003803700160004904000120006508200160007724502240009326000290031727000330034630000260037950000090040565000180041465000170043270000210044920170124110231.0 a177830 c00.00 a177830 bCen Lib/Ret aDPLbEN a616.89bNEW aThe new Chemotherapy in mental illness :cedited by Hirsch L. Gordonbthe history, pharmacology and clinical experiences with rauwolfia, phenothiazine, azacyclonol, mephenesin, hydroxyzine and benactyzine preparations / aLondonbPeter Owenc1958 a50 Old Brompton RoadbLondon axvii,762p. c21cm(Hb) a  aPsychotherapy aChemotherapy aGordon, Hirsch L